[Event "4NCL Division 2c"]
[Site "Telford, ENG"]
[Date "2017.04.29"]
[Round "9.37"]
[White "Minnican, Alan"]
[Black "Georgiou, Denis"]
[Result "1-0"]
[WhiteElo "2106"]
[BlackElo "1930"]
[PlyCount "143"]
[EventDate "2017.04.29"]
[WhiteTeam "Alba"]
[BlackTeam "Grantham Sharks 2"]

1. d4 Nf6 2. Bf4 g6 3. Nc3 d5 4. Nf3 Bg7 5. e3 O-O 6. Be2 c5 7. O-O cxd4 8.
exd4 a6 9. Ne5 Nc6 10. Nxc6 bxc6 11. Re1 Nd7 12. Bf3 Re8 13. Na4 Nf8 14. Nc5
Ne6 15. Nxe6 Bxe6 16. c3 Bc8 17. Qa4 Bd7 18. Qa3 f6 19. Rad1 e5 20. dxe5 fxe5
21. Be3 Qf6 22. Bc5 Bf8 23. Be2 Bxc5 24. Qxc5 Rf8 25. Bf1 Rf7 26. b4 e4 27. Qd4
Qg5 28. Qe3 Qf6 29. a4 Bf5 30. a5 Rd7 31. Qb6 Rd6 32. Qd4 Qg5 33. Qe5 Re6 34.
Qd4 Bg4 35. Rd2 Qe5 36. Re3 h5 37. Qb6 Kh7 38. Qd4 Qg5 39. Kh1 Qe7 40. Qb6 Bf5
41. Qd4 Qb7 42. Be2 Kh6 43. h3 h4 44. Qc5 Rb8 45. Bf1 Kh7 46. Re1 Kh6 47. Qe3+
g5 48. Qc5 Kg6 49. Kg1 Kf6 50. Rb2 Rg8 51. Qd4+ Kf7 52. c4 g4 53. hxg4 Rxg4 54.
Re3 Reg6 55. cxd5 cxd5 56. Qe5 Qc8 57. Rc3 Qe6 58. Rc7+ Kg8 59. Qxe6+ Bxe6 60.
b5 axb5 61. Rxb5 Kh8 62. a6 h3 63. g3 e3 64. Rb8+ Bg8 65. Bxh3 exf2+ 66. Kxf2
Rxg3 67. a7 Rxh3 68. a8=Q Rh2+ 69. Ke3 Rh3+ 70. Kf4 Rh4+ 71. Kf5 Rg2 72. Qa1+
1-0

[Event "4NCL Division 2c"]
[Site "Telford, ENG"]
[Date "2017.04.29"]
[Round "9.38"]
[White "Summerscale, Claire E"]
[Black "White, Stuart A"]
[Result "0-1"]
[WhiteElo "1876"]
[BlackElo "2064"]
[PlyCount "68"]
[EventDate "2017.04.29"]
[WhiteTeam "Grantham Sharks 2"]
[BlackTeam "Alba"]

1. d4 d5 2. e3 Nf6 3. Bd3 Nc6 4. Nf3 Bg4 5. h3 Bxf3 6. Qxf3 e5 7. Bb5 e4 8.
Bxc6+ bxc6 9. Qe2 Be7 10. Nd2 c5 11. dxc5 O-O 12. Nb3 Nd7 13. c6 Ne5 14. Nd4
Bc5 15. O-O Bxd4 16. exd4 Nxc6 17. c3 Qd6 18. Qg4 f5 19. Qf4 Qe7 20. Re1 Rab8
21. Re3 Rb6 22. Rg3 Nd8 23. Qg5 Qxg5 24. Rxg5 Ne6 25. Rh5 g6 26. Rh4 Rf6 27. b3
f4 28. Bd2 Kg7 29. g3 g5 30. Rh5 Kg6 31. g4 Ng7 32. h4 Nxh5 33. gxh5+ Kxh5 34.
Kh2 Kg4 0-1

[Event "4NCL Division 2c"]
[Site "Telford, ENG"]
[Date "2017.04.29"]
[Round "9.41"]
[White "Lund, D Brett"]
[Black "Richardson, John R"]
[Result "0-1"]
[WhiteElo "2286"]
[BlackElo "2282"]
[PlyCount "66"]
[EventDate "2017.04.29"]
[WhiteTeam "Spirit of Atticus A"]
[BlackTeam "The ADs"]

1. c4 Nf6 2. g3 e6 3. Nf3 d5 4. b3 d4 5. e3 c5 6. exd4 cxd4 7. Bg2 Nc6 8. O-O
Bd6 9. d3 O-O 10. Na3 e5 11. Nc2 Re8 12. Re1 a5 13. Bg5 h6 14. Bxf6 Qxf6 15.
Nd2 Qg6 16. Be4 f5 17. Bd5+ Be6 18. Bg2 Rad8 19. a3 e4 20. dxe4 f4 21. e5 d3
22. Bxc6 dxc2 23. Qf3 bxc6 24. exd6 fxg3 25. hxg3 Rxd6 26. Ne4 Bg4 27. Nf6+
Rxf6 28. Rxe8+ Qxe8 29. Qxg4 Qe5 30. Rf1 Qc3 31. Qc8+ Kh7 32. Qe8 c1=Q 33. Qe4+
Rg6 0-1

[Event "4NCL Division 2c"]
[Site "Telford, ENG"]
[Date "2017.04.29"]
[Round "9.42"]
[White "Snape, Ian L"]
[Black "Carleton, John J"]
[Result "1/2-1/2"]
[WhiteElo "2282"]
[BlackElo "2291"]
[PlyCount "109"]
[EventDate "2017.04.29"]
[WhiteTeam "The ADs"]
[BlackTeam "Spirit of Atticus A"]

1. e4 c6 2. d4 d5 3. Nc3 dxe4 4. Nxe4 Nf6 5. Nxf6+ gxf6 6. c3 Nd7 7. Nf3 h5 8.
g3 Nb6 9. Bg2 Bg4 10. Qd3 Qd7 11. O-O Bh3 12. Nh4 Bxg2 13. Kxg2 O-O-O 14. a4
Nd5 15. b4 e5 16. Bd2 Bh6 17. Bxh6 Rxh6 18. c4 Nc7 19. Qe3 Rhh8 20. dxe5 fxe5
21. Qxe5 Qe6 22. Qxe6+ Nxe6 23. Rad1 c5 24. b5 Nd4 25. Rfe1 Rd7 26. Re5 b6 27.
Rde1 Ne6 28. Nf5 Kc7 29. h4 Rg8 30. Kf1 Rg6 31. Ne3 Rh6 32. Nd5+ Kd8 33. a5 Nc7
34. axb6 axb6 35. Ra1 f6 36. Re2 Nxd5 37. Ra8+ Kc7 38. Ra7+ Kd6 39. Rxd7+ Kxd7
40. Rd2 Rh8 41. Rxd5+ Ke6 42. Ke2 f5 43. Ke3 Rg8 44. Rd2 Rg4 45. Rd8 Rxc4 46.
Rh8 Rb4 47. Rh6+ Ke5 48. Rxb6 Rb3+ 49. Kd2 Rb2+ 50. Kc3 Rxf2 51. Rg6 Kd5 52. b6
Rf3+ 53. Kb2 c4 54. Rf6 Ke5 55. Rg6 1/2-1/2

[Event "4NCL Division 2c"]
[Site "Telford, ENG"]
[Date "2017.04.29"]
[Round "9.43"]
[White "Mitchell, Martin"]
[Black "Swindells, Jonathan E"]
[Result "1-0"]
[WhiteElo "2220"]
[BlackElo "2312"]
[PlyCount "107"]
[EventDate "2017.04.29"]
[WhiteTeam "Spirit of Atticus A"]
[BlackTeam "The ADs"]

1. d4 Nf6 2. c4 g6 3. Nc3 Bg7 4. e4 d6 5. Be2 O-O 6. Be3 e5 7. d5 Na6 8. g4 Nc5
9. Bf3 a5 10. g5 Nfd7 11. h4 a4 12. h5 Nb6 13. Qe2 c6 14. Rd1 cxd5 15. cxd5 Bd7
16. Bg4 Nc4 17. hxg6 hxg6 18. Bxc5 Bxg4 19. Qxg4 Nxb2 20. Ba3 Nxd1 21. Kxd1 Qb6
22. Nge2 Rfd8 23. Qh3 Rac8 24. Qf3 Rc4 25. Kd2 Rdc8 26. Rb1 Rxc3 27. Nxc3 Rxc3
28. Rxb6 Rxf3 29. Bxd6 Rxf2+ 30. Kd3 f5 31. Rxb7 fxe4+ 32. Kxe4 Rf4+ 33. Ke3
Rd4 34. Rb5 Rd1 35. Ba3 Rg1 36. d6 Rxg5 37. Rb8+ Kf7 38. Rb7+ Ke6 39. Rxg7 Rg3+
40. Ke4 Rg4+ 41. Kf3 Rd4 42. Ke3 Kf6 43. Rc7 Ke6 44. Bc5 Rd1 45. Ra7 Rd5 46.
Bb4 Rd4 47. a3 g5 48. Rxa4 g4 49. Ra7 Kd5 50. Bc3 Re4+ 51. Kd3 Rf4 52. d7 Rf8
53. Ba5 e4+ 54. Ke2 1-0

[Event "4NCL Division 2c"]
[Site "Telford, ENG"]
[Date "2017.04.29"]
[Round "9.44"]
[White "Wheeler, Darren P"]
[Black "House, Glenn L"]
[Result "1/2-1/2"]
[WhiteElo "2260"]
[BlackElo "2211"]
[PlyCount "154"]
[EventDate "2017.04.29"]
[WhiteTeam "The ADs"]
[BlackTeam "Spirit of Atticus A"]

1. e4 c5 2. f4 e6 3. Nf3 Nc6 4. Nc3 d5 5. exd5 exd5 6. Bb5 Nf6 7. O-O Be7 8.
Bxc6+ bxc6 9. d3 O-O 10. Kh1 Qc7 11. Ne2 Re8 12. c4 dxc4 13. dxc4 Ne4 14. Nd2
Nxd2 15. Qxd2 Bf6 16. f5 Be5 17. Qg5 Qe7 18. Nc3 Qxg5 19. Bxg5 Bxc3 20. bxc3
Ba6 21. Rfe1 Bxc4 22. a3 Bd5 23. Kg1 c4 24. Kf2 Reb8 25. Rab1 Rb3 26. Rxb3 cxb3
27. Bc1 a5 28. a4 Rb8 29. Bb2 h6 30. Re5 Rd8 31. Bc1 f6 32. Re3 Bc4 33. Ke1 Rd5
34. g4 Rd7 35. Re4 Bd5 36. Re3 Kf7 37. Ba3 Rb7 38. Bb2 Rb8 39. Kd2 h5 40. gxh5
Rh8 41. Kd3 Rxh5 42. c4 Bg2 43. Kd4 Rxf5 44. Rxb3 c5+ 45. Kd3 Rf3+ 46. Kc2 Rf2+
47. Kd3 Bf1+ 48. Ke3 Rxh2 49. Bc3 Kg6 50. Rb5 Rc2 51. Bd2 Rxc4 52. Rxa5 Rc2 53.
Ra7 Ra2 54. a5 Ra3+ 55. Kf2 Bd3 56. Rc7 c4 57. Ke3 Bf1+ 58. Kf2 Bd3 59. Ke3
Bf5+ 60. Kf4 Be6 61. Bb4 Ra4 62. Bc3 Ra3 63. Bb4 Ra4 64. Bc3 Bf7 65. Ke4 Ra2
66. Kd4 Ra3 67. Ra7 Be6 68. Re7 Bg8 69. Re8 Bf7 70. Re7 Ra2 71. Kc5 Ra3 72. Kd4
Ra2 73. Kc5 f5 74. Re1 Ra3 75. Rg1+ Kh5 76. Bb4 Ra2 77. Rxg7 Bg6 1/2-1/2

[Event "4NCL Division 2c"]
[Site "Telford, ENG"]
[Date "2017.04.29"]
[Round "9.45"]
[White "Ivell, Nicholas W"]
[Black "Bailey, Kevin J"]
[Result "1-0"]
[WhiteElo "2202"]
[BlackElo "2095"]
[PlyCount "89"]
[EventDate "2017.04.29"]
[WhiteTeam "Spirit of Atticus A"]
[BlackTeam "The ADs"]

1. e4 e6 2. d4 d5 3. e5 c5 4. c3 Qb6 5. Nf3 Nc6 6. a3 Nh6 7. b4 cxd4 8. cxd4
Nf5 9. Bb2 Bd7 10. Be2 Be7 11. O-O O-O 12. Bd3 g6 13. Bxf5 gxf5 14. Nc3 Kh8 15.
Na4 Qd8 16. Nc5 b6 17. Nd3 Rg8 18. h3 Qf8 19. Kh2 Rc8 20. Rg1 Nb8 21. Nf4 Bb5
22. a4 Bc4 23. b5 Nd7 24. Bc1 a6 25. bxa6 Bxa6 26. Be3 Rc6 27. Nh5 Qc8 28. Rc1
Rxc1 29. Bxc1 Qc3 30. Bd2 Qd3 31. Nf4 Qa3 32. Re1 Rc8 33. Re3 Qa2 34. h4 Qc2
35. Qa1 Rc4 36. a5 b5 37. Qe1 Qa2 38. Nxd5 exd5 39. e6 Nf6 40. Ne5 Bd6 41. Rg3
Ng4+ 42. Nxg4 Bxg3+ 43. fxg3 fxg4 44. Qe5+ Kg8 45. Bh6 1-0

[Event "4NCL Division 2c"]
[Site "Telford, ENG"]
[Date "2017.04.29"]
[Round "9.46"]
[White "Anderton, David W"]
[Black "Jackson, Sheila"]
[Result "1-0"]
[WhiteElo "2125"]
[BlackElo "2134"]
[PlyCount "63"]
[EventDate "2017.04.29"]
[WhiteTeam "The ADs"]
[BlackTeam "Spirit of Atticus A"]

1. d4 d5 2. c4 c6 3. Nf3 Nf6 4. Nc3 e6 5. Bg5 h6 6. Bh4 Be7 7. e3 Nbd7 8. Rc1
O-O 9. Bd3 a6 10. O-O Re8 11. a3 dxc4 12. Bxc4 b5 13. Ba2 Bb7 14. Qe2 Rc8 15.
Rfd1 Qa5 16. Bb1 b4 17. axb4 Bxb4 18. Bd3 Qb6 19. Na4 Qa7 20. Ne5 Nxe5 21. dxe5
Nd5 22. Qg4 Be7 23. Bxe7 Rxe7 24. Nc5 Qb6 25. Qe4 f5 26. exf6 Nxf6 27. Qe5 Qc7
28. Qxc7 Rcxc7 29. Bg6 Rc8 30. Rd6 e5 31. Rcd1 Nd5 32. e4 1-0

[Event "4NCL Division 2c"]
[Site "Telford, ENG"]
[Date "2017.04.29"]
[Round "9.47"]
[White "Latham, David"]
[Black "Bellin, Jana M"]
[Result "1/2-1/2"]
[WhiteElo "2102"]
[BlackElo "2020"]
[PlyCount "44"]
[EventDate "2017.04.29"]
[WhiteTeam "Spirit of Atticus A"]
[BlackTeam "The ADs"]

1. e4 c5 2. Nc3 Nc6 3. Nf3 e6 4. d4 cxd4 5. Nxd4 a6 6. Be3 Qc7 7. Be2 Nf6 8. a3
b5 9. Nxc6 dxc6 10. O-O Bb7 11. f4 c5 12. e5 Nd5 13. Nxd5 Bxd5 14. c4 Bc6 15.
Qc2 Be7 16. Bf3 O-O 17. Rad1 Rab8 18. Bxc6 Qxc6 19. Rd2 b4 20. b3 bxa3 21. Ra1
Rfd8 22. Rxa3 Rxd2 1/2-1/2

[Event "4NCL Division 2c"]
[Site "Telford, ENG"]
[Date "2017.04.29"]
[Round "9.48"]
[White "Walsh, Marcus"]
[Black "Bimpson, Tom"]
[Result "1-0"]
[WhiteElo "1997"]
[BlackElo "2060"]
[PlyCount "47"]
[EventDate "2017.04.29"]
[WhiteTeam "The ADs"]
[BlackTeam "Spirit of Atticus A"]

1. e4 d6 2. d4 Nf6 3. Nc3 Nbd7 4. Nf3 e5 5. Bc4 Be7 6. dxe5 dxe5 7. O-O h6 8.
Qe2 c6 9. a4 a5 10. Rd1 Qc7 11. h3 Nf8 12. Be3 Rg8 13. Nh4 N6h7 14. Nf5 Bxf5
15. exf5 Nd7 16. Ne4 g6 17. Bxh6 gxf5 18. Qh5 O-O-O 19. Qxf5 Rg6 20. Qxf7 Rxh6
21. Qxe7 Ndf8 22. Rxd8+ Qxd8 23. Qxe5 Nf6 24. Nd6+ 1-0

[Event "4NCL Division 2d"]
[Site "Telford, ENG"]
[Date "2017.04.30"]
[Round "10.51"]
[White "Wall, Gavin"]
[Black "Paterson, Andrew I"]
[Result "0-1"]
[WhiteElo "2346"]
[BlackElo "2125"]
[PlyCount "74"]
[EventDate "2017.04.30"]
[WhiteTeam "Guildford 3"]
[BlackTeam "Warwickshire Select 2"]

1. e4 c5 2. Nf3 Nc6 3. Bb5 Nf6 4. Nc3 g6 5. e5 Ng4 6. Bxc6 dxc6 7. h3 Nh6 8. g4
Bg7 9. d3 O-O 10. Bf4 f5 11. g5 Nf7 12. Qe2 Be6 13. Qe3 Qa5 14. O-O Rfd8 15.
Rfe1 Rd7 16. Nd2 b6 17. Bg3 h6 18. h4 hxg5 19. hxg5 Qb4 20. Nd1 Rad8 21. f4 c4
22. d4 c5 23. Nf3 Qa4 24. d5 Rxd5 25. Nc3 Qxc2 26. Nxd5 Rxd5 27. Qf2 Qa4 28.
Re3 Nd8 29. Rc3 Nc6 30. Nd2 Rd4 31. Rac1 Nb4 32. Ra3 Qd7 33. Nf3 Nd3 34. Nxd4
Nxf2 35. Nxe6 Nd3 36. Rxc4 Qxe6 37. Rca4 Qd5 0-1

[Event "4NCL Division 2d"]
[Site "Telford, ENG"]
[Date "2017.04.30"]
[Round "10.52"]
[White "Fallowfield, Jeremy R"]
[Black "Kilpatrick, Callum"]
[Result "1/2-1/2"]
[WhiteElo "2155"]
[BlackElo "2355"]
[PlyCount "54"]
[EventDate "2017.04.30"]
[WhiteTeam "Warwickshire Select 2"]
[BlackTeam "Guildford 3"]

1. e4 e5 2. Nf3 Nc6 3. Bb5 a6 4. Ba4 Nf6 5. O-O Be7 6. Re1 b5 7. Bb3 d6 8. c3
O-O 9. h3 Na5 10. Bc2 d5 11. d4 dxe4 12. Nxe5 c5 13. Nd2 cxd4 14. Nxe4 dxc3 15.
Qf3 Bb7 16. b4 Bxe4 17. Bxe4 Nxe4 18. Qxe4 f5 19. Qf4 g5 20. Qg3 f4 21. Qxc3
Rc8 22. Qf3 Nc4 23. Nxc4 bxc4 24. Bb2 Bxb4 25. Qb7 c3 26. Qxb4 cxb2 27. Qxb2
Qf6 1/2-1/2

[Event "4NCL Division 2d"]
[Site "Telford, ENG"]
[Date "2017.04.30"]
[Round "10.53"]
[White "Povah, Nigel E"]
[Black "Page, Mark E"]
[Result "1-0"]
[WhiteElo "2276"]
[BlackElo "2140"]
[PlyCount "77"]
[EventDate "2017.04.30"]
[WhiteTeam "Guildford 3"]
[BlackTeam "Warwickshire Select 2"]

1. d4 g6 2. e4 Bg7 3. Nc3 c6 4. Be3 d5 5. Qd2 dxe4 6. Nxe4 Nd7 7. f3 Nb6 8. c4
Nf6 9. O-O-O O-O 10. Bh6 Nxe4 11. fxe4 Bg4 12. Nf3 e5 13. dxe5 Qxd2+ 14. Bxd2
Rfd8 15. h3 Bxf3 16. gxf3 Bxe5 17. b3 Rd4 18. Be2 Rad8 19. Be3 Rxd1+ 20. Rxd1
Rxd1+ 21. Kxd1 Kg7 22. a4 Bc3 23. Bc5 h5 24. Kc2 Be5 25. Be3 Nc8 26. f4 Ba1 27.
Kd3 b6 28. b4 Nd6 29. c5 bxc5 30. Bxc5 Nc8 31. a5 Bb2 32. e5 Bc1 33. Ke4 f5+
34. Kf3 Kf7 35. Ba6 Ne7 36. Bxa7 Nd5 37. Bc4 Ke8 38. Bxd5 cxd5 39. Be3 1-0

[Event "4NCL Division 2d"]
[Site "Telford, ENG"]
[Date "2017.04.30"]
[Round "10.54"]
[White "Cooper, David M"]
[Black "Golding, Alex"]
[Result "0-1"]
[WhiteElo "2035"]
[BlackElo "2170"]
[PlyCount "98"]
[EventDate "2017.04.30"]
[WhiteTeam "Warwickshire Select 2"]
[BlackTeam "Guildford 3"]

1. c4 Nf6 2. g3 c6 3. Bg2 d5 4. Nf3 Bf5 5. b3 Nbd7 6. Bb2 Qb6 7. d3 dxc4 8.
dxc4 O-O-O 9. O-O e5 10. Qe1 Bc5 11. Nc3 Qc7 12. Na4 Be7 13. Rd1 Ne4 14. a3 g5
15. Nd2 Nxd2 16. Rxd2 f6 17. e4 Be6 18. Qe3 b6 19. Rfd1 Nc5 20. Nxc5 Bxc5 21.
Qf3 Rxd2 22. Rxd2 Rd8 23. Qd1 a5 24. Bf1 Rxd2 25. Qxd2 Qd7 26. Qxd7+ Kxd7 27.
Kg2 Kd6 28. Be2 Bd4 29. Bc1 Bd7 30. Bd2 Bb2 31. a4 Kc5 32. f4 gxf4 33. gxf4 Kd4
34. fxe5 fxe5 35. c5 Kxc5 36. Bc4 Be8 37. Kf3 Bh5+ 38. Ke3 Bd4+ 39. Kd3 Bf3 40.
Bh6 Kb4 41. Bf8+ c5 42. Bh6 Bd1 43. Bg8 Bxb3 44. Bxh7 c4+ 45. Kd2 c3+ 46. Kc1
Kxa4 47. Bf5 Bc5 48. Bg5 c2 49. Bd7+ b5 0-1

[Event "4NCL Division 2d"]
[Site "Telford, ENG"]
[Date "2017.04.30"]
[Round "10.55"]
[White "Osborne, Marcus E"]
[Black "Purcell, Philip"]
[Result "1-0"]
[WhiteElo "2200"]
[BlackElo "2080"]
[PlyCount "61"]
[EventDate "2017.04.30"]
[WhiteTeam "Guildford 3"]
[BlackTeam "Warwickshire Select 2"]

1. c4 Nf6 2. Nf3 g6 3. g3 Bg7 4. Bg2 O-O 5. Nc3 d6 6. d4 Nc6 7. O-O a6 8. b3
Rb8 9. d5 Na5 10. Bg5 c5 11. dxc6 Nxc6 12. Rc1 Bf5 13. Qd2 Re8 14. Rfd1 Qa5 15.
Nh4 Be6 16. Nd5 Qxd2 17. Rxd2 Nd7 18. Nc7 Rf8 19. Bxc6 bxc6 20. Bxe7 Rfc8 21.
Nxe6 fxe6 22. Rxd6 Nc5 23. Rcd1 Kf7 24. Bg5 Bf8 25. R6d2 h6 26. Bf4 Rb7 27. Nf3
g5 28. Be3 Kf6 29. Bd4+ Kf5 30. Ne5 Bd6 31. g4+ 1-0

[Event "4NCL Division 2d"]
[Site "Telford, ENG"]
[Date "2017.04.30"]
[Round "10.56"]
[White "Green, Anthony J"]
[Black "Flear, Christine"]
[Result "1/2-1/2"]
[WhiteElo "1975"]
[BlackElo "2088"]
[PlyCount "58"]
[EventDate "2017.04.30"]
[WhiteTeam "Warwickshire Select 2"]
[BlackTeam "Guildford 3"]

1. d4 d5 2. c4 e6 3. Nc3 Be7 4. cxd5 exd5 5. Bf4 c6 6. e3 Bf5 7. g4 Be6 8. h3
Nf6 9. Bg2 O-O 10. Nge2 a5 11. O-O Re8 12. Bh2 b5 13. Rc1 h6 14. Nf4 Bd6 15.
Nd3 Bxh2+ 16. Kxh2 Qd6+ 17. f4 Nfd7 18. Kh1 Nb6 19. b3 b4 20. Na4 Nxa4 21. bxa4
f6 22. Qc2 Bf7 23. Rfe1 h5 24. Nc5 hxg4 25. hxg4 Ra7 26. Bf1 Rae7 27. Qf2 Nd7
28. Nxd7 Qxd7 29. f5 Qd6 1/2-1/2

[Event "4NCL Division 2d"]
[Site "Telford, ENG"]
[Date "2017.04.30"]
[Round "10.57"]
[White "Punnett, Alan K"]
[Black "Ingram, Keith R"]
[Result "1/2-1/2"]
[WhiteElo "2038"]
[BlackElo "1970"]
[PlyCount "145"]
[EventDate "2017.04.30"]
[WhiteTeam "Guildford 3"]
[BlackTeam "Warwickshire Select 2"]

1. e4 c5 2. Nf3 Nc6 3. Nc3 e6 4. d4 cxd4 5. Nxd4 a6 6. Be2 Qc7 7. Be3 Bb4 8.
O-O Nf6 9. Nxc6 Bxc3 10. bxc3 Qxc6 11. Bf3 e5 12. Qd3 O-O 13. a4 d6 14. Rfb1
Ne8 15. Rb6 Qc7 16. Rab1 Kh8 17. Bc1 f5 18. Ba3 Rf6 19. a5 Qf7 20. exf5 Bxf5
21. Qd5 Bxc2 22. R1b2 Bg6 23. Rxb7 Qxd5 24. Bxd5 Rc8 25. c4 h5 26. Rb8 Rxb8 27.
Rxb8 Kh7 28. Rc8 Rf4 29. h3 Rd4 30. Rc6 Be4 31. Bxe4+ Rxe4 32. Bxd6 Nxd6 33.
Rxd6 Rxc4 34. g3 Rc5 35. Rxa6 e4 36. Kg2 Rc2 37. Re6 Ra2 38. g4 hxg4 39. hxg4
e3 40. Rxe3 Rxa5 41. Kg3 g5 42. Re6 Kg7 43. Kf3 Ra4 44. Re4 Ra3+ 45. Re3 Ra4
46. Kg3 Kf6 47. Rf3+ Kg6 48. Rf5 Rb4 49. Rd5 Ra4 50. Rd6+ Kg7 51. f3 Ra2 52.
Rd4 Kg6 53. Rd6+ Kg7 54. Rd3 Ra4 55. Kf2 Ra7 56. Rd5 Kg6 57. Ke3 Re7+ 58. Kd4
Rf7 59. Rd6+ Kg7 60. Ke4 Rf4+ 61. Ke3 Rf7 62. Rd4 Kg6 63. f4 gxf4+ 64. Rxf4
Rxf4 65. Kxf4 Kf6 66. g5+ Kg6 67. Kg4 Kg7 68. Kf5 Kf7 69. g6+ Kg7 70. Kg5 Kg8
71. Kf6 Kf8 72. g7+ Kg8 73. Kg6 1/2-1/2

[Event "4NCL Division 2d"]
[Site "Telford, ENG"]
[Date "2017.04.30"]
[Round "10.58"]
[White "Bowcott-Terry, Finlay"]
[Black "Stimpson, Philip M"]
[Result "1/2-1/2"]
[WhiteElo "1772"]
[BlackElo "1925"]
[PlyCount "86"]
[EventDate "2017.04.30"]
[WhiteTeam "Warwickshire Select 2"]
[BlackTeam "Guildford 3"]

1. d4 Nf6 2. c4 e6 3. Nc3 Bb4 4. Bg5 h6 5. Bh4 b6 6. Nf3 Bb7 7. e3 c5 8. a3
Bxc3+ 9. bxc3 Nc6 10. dxc5 bxc5 11. Rb1 Qc7 12. Bg3 e5 13. Qc2 d6 14. Be2 O-O
15. Bh4 Nd7 16. O-O f5 17. h3 Rae8 18. Bg3 g5 19. Rfd1 Re6 20. Ne1 e4 21. Bxd6
Rxd6 22. Rxb7 Qxb7 23. Rxd6 Kg7 24. f4 gxf4 25. exf4 Nf6 26. Qd2 Qc7 27. Nc2
Rd8 28. Ne3 Kg6 29. Rxd8 Qxd8 30. Qxd8 Nxd8 31. Nd5 Nc6 32. Kf2 Nd7 33. g4 Nb6
34. gxf5+ Kxf5 35. Bg4+ Kg6 36. f5+ Kf7 37. Bh5+ Kg8 38. Nxb6 axb6 39. Ke3 Ne5
40. Be2 Kf7 41. Kxe4 Kf6 42. Bf1 Nf7 43. Kd5 Ne5 1/2-1/2

[Event "4NCL Division 2d"]
[Site "Telford, ENG"]
[Date "2017.04.30"]
[Round "10.61"]
[White "Emms, John M"]
[Black "Moss, Guy"]
[Result "1-0"]
[WhiteElo "2464"]
[BlackElo "2141"]
[PlyCount "75"]
[EventDate "2017.04.30"]
[WhiteTeam "KJCA Kings"]
[BlackTeam "Barbican 4NCL Youth"]

1. c4 Nf6 2. Nc3 c6 3. e4 d6 4. d4 Nbd7 5. Nf3 e5 6. Be2 g6 7. O-O Bg7 8. Be3
Ng4 9. Bg5 f6 10. Bd2 O-O 11. h3 Nh6 12. Qc1 Nf7 13. Qc2 f5 14. exf5 gxf5 15.
dxe5 Ndxe5 16. Nxe5 dxe5 17. f4 e4 18. Be3 Be6 19. Kh2 Qc7 20. Rad1 Rfd8 21.
Na4 b6 22. b3 Rxd1 23. Rxd1 Rd8 24. Nc3 Rxd1 25. Nxd1 Nd8 26. Nf2 Bd7 27. c5 b5
28. g4 Ne6 29. Qd2 Nf8 30. Qd6 Qxd6 31. cxd6 Ng6 32. gxf5 Bxf5 33. Bg4 Bxg4 34.
hxg4 Kf7 35. Nxe4 Bf8 36. Kg3 a6 37. d7 Be7 38. Bb6 1-0

[Event "4NCL Division 2d"]
[Site "Telford, ENG"]
[Date "2017.04.30"]
[Round "10.62"]
[White "Klingher, Dominic"]
[Black "Ward, Chris G"]
[Result "0-1"]
[WhiteElo "2116"]
[BlackElo "2438"]
[PlyCount "112"]
[EventDate "2017.04.30"]
[WhiteTeam "Barbican 4NCL Youth"]
[BlackTeam "KJCA Kings"]

1. e4 c5 2. Nf3 d6 3. g3 Nc6 4. Bg2 g6 5. O-O Bg7 6. d3 e5 7. Nc3 Nge7 8. Be3
O-O 9. Qd2 Nd4 10. Ne2 Bg4 11. Nexd4 cxd4 12. Bh6 Bxh6 13. Qxh6 Bxf3 14. Bxf3
Rc8 15. Rac1 Qb6 16. Bg4 f5 17. Bh3 d5 18. exf5 Nxf5 19. Qg5 h6 20. Qd2 Kg7 21.
Rfe1 Qd6 22. Re2 Rce8 23. Rce1 Re7 24. Qa5 b6 25. Qb5 Rfe8 26. Bg2 Rd8 27. g4
Nh4 28. f4 e4 29. dxe4 Qxf4 30. Qb4 Rde8 31. Qxd4+ Kh7 32. Rf1 Qxg4 33. Ref2
Rg7 34. h3 Qg3 35. exd5 Nxg2 36. Rxg2 Qxh3 37. c4 Re3 38. Qf4 g5 39. Qf2 Rd3
40. Re1 h5 41. Qc2 Qf3 42. Qe2 Qxe2 43. Rgxe2 Kg6 44. Re6+ Kf5 45. Kf2 Rd4 46.
b3 h4 47. R1e5+ Kf4 48. Ke2 h3 49. Re3 Rh7 50. Rf6+ Kg4 51. Rf1 h2 52. Rh1 Rh3
53. Re7 Kg3 54. Re5 g4 55. Rf1 h1=Q 56. Re3+ Kh2 0-1

[Event "4NCL Division 2d"]
[Site "Telford, ENG"]
[Date "2017.04.30"]
[Round "10.63"]
[White "Verma, Aditya"]
[Black "Stewart, Ashley"]
[Result "1-0"]
[WhiteElo "2067"]
[BlackElo "2091"]
[PlyCount "42"]
[EventDate "2017.04.30"]
[WhiteTeam "KJCA Kings"]
[BlackTeam "Barbican 4NCL Youth"]

1. e4 c5 2. Nf3 Nc6 3. d4 cxd4 4. Nxd4 g6 5. Nc3 Bg7 6. Be3 Nf6 7. h3 O-O 8.
Nb3 h5 9. a4 d5 10. Nxd5 Nxd5 11. exd5 Nb4 12. c3 Nxd5 13. Bd4 e5 14. Bc5 Re8
15. Bb5 Be6 16. Bxe8 Qxe8 17. O-O Nf4 18. Be3 Qc8 19. Nd2 Bh6 20. Kh2 Qc6 21.
Nf3 Rc8 {Unable to read Scoresheet} 1-0

[Event "4NCL Division 2d"]
[Site "Telford, ENG"]
[Date "2017.04.30"]
[Round "10.64"]
[White "Coleman, David J"]
[Black "Lunn, Matthew"]
[Result "1/2-1/2"]
[WhiteElo "2149"]
[BlackElo "2081"]
[PlyCount "98"]
[EventDate "2017.04.30"]
[WhiteTeam "Barbican 4NCL Youth"]
[BlackTeam "KJCA Kings"]

1. e4 c5 2. Nf3 Nc6 3. d4 cxd4 4. Nxd4 Nf6 5. Nc3 d6 6. Bc4 e5 7. Nxc6 bxc6 8.
O-O Be6 9. Bxe6 fxe6 10. b3 Be7 11. Bb2 O-O 12. Qe2 Qe8 13. Rad1 Qg6 14. Qc4
Nh5 15. Qxc6 Nf4 16. g3 Rac8 17. Qa6 Nh3+ 18. Kg2 Nf4+ 19. Kh1 Qh5 20. f3 Nh3
21. Qe2 Ng5 22. Rd3 d5 23. exd5 e4 24. Re3 exf3 25. Qd2 Qh3 26. Rf2 Bc5 27.
dxe6 Rcd8 28. Qe1 Bxe3 29. Qxe3 Qxe6 30. Qxe6+ Nxe6 31. h3 Ng5 32. Kh2 Rfe8 33.
g4 Ne4 34. Nxe4 Rxe4 35. Kg3 Re2 36. Rxf3 Rxc2 37. Ba3 Rxa2 38. Be7 Re8 39. Bc5
a5 40. b4 Rc8 41. Rd3 Rb2 42. Rd7 axb4 43. Bd4 Rb3+ 44. Kh4 g5+ 45. Kxg5 Rxh3
46. Rg7+ Kf8 47. Rb7 b3 48. Kf5 Ra8 49. g5 Rf3+ 1/2-1/2

[Event "4NCL Division 2d"]
[Site "Telford, ENG"]
[Date "2017.04.30"]
[Round "10.65"]
[White "Hand, Freddie"]
[Black "Brett, Andrew R"]
[Result "1/2-1/2"]
[WhiteElo "2142"]
[BlackElo "2122"]
[PlyCount "54"]
[EventDate "2017.04.30"]
[WhiteTeam "KJCA Kings"]
[BlackTeam "Barbican 4NCL Youth"]

1. d4 Nf6 2. c4 e6 3. Nc3 Bb4 4. e3 O-O 5. Nge2 d5 6. a3 Bd6 7. Ng3 c6 8. cxd5
cxd5 9. Bd3 Nc6 10. O-O a6 11. b4 e5 12. dxe5 Nxe5 13. Be2 Bc7 14. Bb2 Re8 15.
Qc2 Nc6 16. Rfd1 d4 17. b5 Ne5 18. Rxd4 Qe7 19. Nd5 Nxd5 20. Rxd5 Ng4 21. Bxg4
Bxg4 22. Qc5 Bxg3 23. hxg3 Qxc5 24. Rxc5 f6 25. Rac1 Rac8 26. Rxc8 Rxc8 27.
Rxc8+ Bxc8 1/2-1/2

[Event "4NCL Division 2d"]
[Site "Telford, ENG"]
[Date "2017.04.30"]
[Round "10.66"]
[White "Hughes, Roy"]
[Black "Golding, James"]
[Result "1/2-1/2"]
[WhiteElo "2029"]
[BlackElo "1986"]
[PlyCount "127"]
[EventDate "2017.04.30"]
[WhiteTeam "Barbican 4NCL Youth"]
[BlackTeam "KJCA Kings"]

1. d4 d5 2. Bf4 c5 3. e3 Nc6 4. Nc3 cxd4 5. exd4 Bf5 6. Bd3 Bxd3 7. Qxd3 e6 8.
Nf3 Bd6 9. Bxd6 Qxd6 10. O-O Nge7 11. Rfe1 O-O 12. Rad1 Rfc8 13. a3 Na5 14. Ne5
Nc4 15. Nxc4 Rxc4 16. Ne2 Rac8 17. c3 a6 18. Nc1 Nf5 19. Qh3 b5 20. Nd3 R4c7
21. Re5 g6 22. Rde1 a5 23. g4 Ng7 24. Qh6 Qf8 25. f4 Rd8 26. R5e3 Ne8 27. Qh4
Rdc8 28. Qf2 Nf6 29. Qg2 Ne4 30. f5 gxf5 31. gxf5+ Qg7 32. Qxg7+ Kxg7 33. fxe6
fxe6 34. Nf2 Nxf2 35. Kxf2 b4 36. cxb4 axb4 37. Rxe6 bxa3 38. bxa3 Rf8+ 39. Kg2
Rc4 40. Re7+ Rf7 41. Rxf7+ Kxf7 42. Rd1 Ke6 43. Rd3 Kf5 44. Kf3 Ra4 45. Ke2 Ke4
46. Rh3 Ra7 47. Rh4+ Kf5 48. Kd2 Rxa3 49. Rxh7 Rb3 50. Kc2 Ra3 51. Re7 Ra2+ 52.
Kc3 Rxh2 53. Re5+ Kf6 54. Rxd5 Ke6 55. Rd8 Ke7 56. Ra8 Kd7 57. Kc4 Rh5 58. Ra6
Rg5 59. Rb6 Rh5 60. Rg6 Rf5 61. Kd3 Rh5 62. Ke4 Ra5 63. d5 Ra1 64. Rg7+ 1/2-1/2